Extended description and taxonomic notes on two recently rediscovered Myrcia (Myrtaceae) in the Brazilian Atlantic Forest (Registro n. 340003)
[ somente texto ]
| 000 -LÍDER | |
|---|---|
| fixed length control field | 03685nab a2200277 i 4500 |
| 003 - CÓDIGO MARC DA AGÊNCIA CATALOGADORA | |
| Campo de controle | BR-BrBNA |
| 005 - DATA E HORA DA ÚLTIMA ATUALIZAÇÃO | |
| Campo de controle | 20260204174227.0 |
| 008 - CAMPO DE TAMANHO FIXO | |
| fixed length control field | 260204b2025 bl.ar|pooa||| 00| 0 eng | |
| 040 ## - FONTE DA CATALOGAÇÃO | |
| Agência catalogadora | BR-BrBNA |
| Idioma da catalogação | eng |
| 072 ## - CATEGORIA AGRIS | |
| Código AGRIS | F70 |
| 100 ## - ENTRADA PRINCIPAL - NOME PESSOAL | |
| Nome pessoal | Fernandes, Thiago |
| 100 ## - ENTRADA PRINCIPAL - NOME PESSOAL | |
| Nome pessoal | Lucas, Eve J. |
| 100 ## - ENTRADA PRINCIPAL - NOME PESSOAL | |
| Nome pessoal | Vasconcelos, Thais Nogales |
| 100 ## - ENTRADA PRINCIPAL - NOME PESSOAL | |
| Nome pessoal | Braga, João Marcelo Alvarenga |
| 245 ## - TÍTULO PRINCIPAL | |
| Título principal | Extended description and taxonomic notes on two recently rediscovered Myrcia (Myrtaceae) in the Brazilian Atlantic Forest |
| 500 ## - NOTA GERAL | |
| Nota geral | Publicação on-line; 28 ref.; 1 table; 5 illus.; Summaries (En, Pt) |
| 942 ## - ADDED ENTRY ELEMENTS (KOHA) | |
| Koha item type | Analítica |
| 520 ## - NOTA DE RESUMO | |
| Nota de conteúdo | <br/><br/><br/>Abstract<br/><br/>In this paper, we present comprehensive data on two endemic and threatened<br/>species of Myrcia (Myrtaceae) from the Brazilian Atlantic Forest. Both belong to<br/>Myrcia sect. Aulomyrcia and were previously known only from a few collections<br/>made in the state of Rio de Janeiro. Apart from the type specimens and our recent<br/>collections, each species has been recollected on only three occasions. Considering<br/>the last collections of each species, Myrcia colpodes was rediscovered by our team<br/>after a collection gap of 64 years, while M. rubiginosa was found after 16 years.<br/>Myrcia colpodes can be recognized by vinaceous, exfoliating bark on the trunk,<br/>strongly bullate leaves and relatively long, glabrous panicles. Myrcia rubiginosa is<br/>characterized by fissured, greyish-brown bark on the trunk, conspicuous brownish<br/>and tomentose indumentum on young leaves and inflorescences, and pendular<br/>panicles with relatively small flowers. Data provided here include updated<br/>morphological descriptions for the taxa, along with notes on their morphological<br/>affinities and geographic distribution. Their fruits are here described and illustrated<br/>for the first time.<br/><br/>Key words:<br/>• Aulomyrcia<br/>• Endangered species<br/>• Neotropics<br/>• Rare species<br/>• Rio de Janeiro<br/><br/><br/><br/><br/><br/>Resumen<br/><br/>Neste artigo, apresentamos dados taxonômicos abrangentes para duas espécies<br/>endêmicas e ameaçadas de Myrcia (Myrtaceae) da Mata Atlântica brasileira. Ambas<br/>pertencem a Myrcia sect. Aulomyrcia e eram previamente conhecidas apenas por<br/>poucas coletas feitas no estado do Rio de Janeiro. Além dos espécimes-tipo e nossas<br/>coletas recentes, cada espécie foi coletada apenas em três ocasiões. Considerando<br/>a última coleta de cada espécie, Myrcia colpodes foi redescoberta por nossa equipe<br/>após um intervalo de 64 anos, enquanto M. rubiginosa foi encontrada após 16 anos.<br/>Myrcia colpodes pode ser reconhecida pelo tronco com casca vinácea e esfoliante,<br/>folhas fortemente buladas e panículas relativamente longas e glabras. Myrcia<br/>rubiginosa se caracteriza pelo tronco com casca fissurada e marrom-acinzentada,<br/>indumento marrom conspícuo e tomentoso nas folhas jovens e inflorescências,<br/>e panículas pendulares com flores relativamente pequenas. Os dados fornecidos<br/>aqui incluem descrições morfológicas atualizadas para os táxons, juntamente com<br/>notas sobre suas afinidades morfológicas e distribuição geográfica. Seus frutos são<br/>aqui descritos pela primeira vez.<br/><br/><br/>Palavras-chave:<br/>• Aulomyrcia<br/>• Espécies ameaçadas<br/>• Neotrópico<br/>• Espécies raras<br/>• Rio de Janeiro |
| 650 ## - ASSUNTO - THESAGRO | |
| Cabeçalho tópico ou nome geográfico | ESPÉCIE AMEAÇADA |
| 650 ## - ASSUNTO - THESAGRO | |
| Cabeçalho tópico ou nome geográfico | RIO DE JANEIRO |
| 650 ## - ASSUNTO - THESAGRO | |
| Cabeçalho tópico ou nome geográfico | TAXONOMIA |
| 650 ## - ASSUNTO - THESAGRO | |
| Cabeçalho tópico ou nome geográfico | MYRTACEAE |
| 773 0# - ENTRADA ANALÍTICA | |
| Host Biblionumber | 709 |
| Registro do item | 360062 |
| Imprenta | Rio de Janeiro-RJ Jardim Botanico do Rio de Janeiro 1935 |
| Outro identificador | 2026-0452 |
| Título | Rodriguésia (Brazil) |
| ISSN | 0370-6583; 2175-7860 on-line |
| Colação | v. 76 p. 1-12; (2025) |
| Número de controle de registro | BR2025007484 |
| 856 ## - ACESSO E ENDEREÇO ELETRÔNICO | |
| Identificador uniforme de recurso - URI | https://www.scielo.br/j/rod/a/3RrCN3NVLh9Sv3h4k53F68g/?format=pdf&lang=en |
Nenhum exemplar disponível.

BINAGRI